Loading...
| Science - Physics | 0 | 4 | 0 | 1 | 40 | 97 | 117.50 | 1 | 4 | 0.00 | 0.00 |
| Science - Biology | 0 | 3 | 1 | 0 | 25 | 93 | 110.33 | 1 | 3 | 0.00 | 0.00 |
| Other Science: Astronomy | 1 | 0 | 0 | 0 | 15 | 52 | 52.00 | 1 | 1 | 0.00 | 0.00 |
| Beliefs | 1 | 0 | 0 | 0 | 15 | 59 | 59.00 | 0 | 1 | 0.00 | 0.00 |
| Other Science: Math | 0 | 1 | 0 | 0 | 10 | 83 | 83.00 | 0 | 1 | 0.00 | 0.00 |
| Science - Chemistry | 0 | 2 | 2 | 0 | 10 | 61 | 84.00 | 1 | 2 | 0.00 | 0.00 |
| Other Science: Earth Science | 0 | 1 | 0 | 0 | 10 | 105 | 105.00 | 1 | 1 | 0.00 | 0.00 |
| Chemistry> | 0 | 1 | 0 | 0 | 10 | 95 | 95.00 | 1 | 1 | 0.00 | 0.00 |
| History - World | 0 | 1 | 0 | 0 | 10 | 115 | 115.00 | 0 | 1 | 0.00 | 0.00 |
| Other Science: Computer Science | 0 | 1 | 0 | 0 | 10 | 125 | 125.00 | 0 | 1 | 0.00 | 0.00 |
| World and Other Literature | 0 | 0 | 0 | 0 | 0 | 0.00 | 0 | 0 | 0.00 | 0.00 |